MARC details
| 000 -CABECERA |
| campo de control de longitud fija |
01002nam a2200253 a 4500 |
| 005 - FECHA Y HORA DE LA ÚLTIMA TRANSACCIÓN |
| campo de control |
20210223125728.0 |
| 008 - ELEMENTOS DE LONGITUD FIJA--INFORMACIÓN GENERAL |
| campo de control de longitud fija |
051007s2004 mx r 000 0 spa d |
| 020 ## - NÚMERO INTERNACIONAL NORMALIZADO PARA LIBROS |
| Número Internacional Estándar del Libro |
9682470811 |
| 035 ## - NÚMERO DE CONTROL DEL SISTEMA |
| Número de control de sistema |
UPN01000140561 |
| 049 ## - COLECCIÓN |
| Colección |
CG |
| 050 #4 - SIGNATURA TOPOGRÁFICA DE LA BIBLIOTECA DEL CONGRESO |
| Número de clasificación |
QA76.76 06.3 |
| Número de documento/Ítem |
B6.7 2004 |
| 100 1# - ASIENTO PRINCIPAL--NOMBRE PERSONAL |
| Nombre de persona |
Boqué, Carlos |
| 245 10 - MENCIÓN DE TÍTULO |
| Título |
Todo el Windows XP en un solo libro / |
| Mención de responsabilidad, etc. |
Carlos Boqué. |
| 250 ## - MENCIÓN DE EDICIÓN |
| Mención de edición |
2a ed. |
| 260 ## - PUBLICACIÓN, DISTRIBUCIÓN, ETC. |
| Lugar de publicación, distribución, etc. |
México : |
| Nombre del editor, distribuidor, etc. |
Trillas : |
| -- |
GYR, |
| Fecha de publicación, distribución, etc. |
2004. |
| 300 ## - DESCRIPCIÓN FÍSICA |
| Extensión |
316 p. : |
| Otras características físicas |
il. |
| 440 #0 - MENCIÓN DE SERIE/ASIENTO SECUNDARIO--TÍTULO |
| Título |
Colección de computación ; |
| Designación de volumen o secuencia |
54 |
| 500 ## - NOTA GENERAL |
| Nota general |
"Por fin al alcance del usuario común, un libro que desarrolla exhaustivamente toda la información necesaria para conocer y utilizar a fondo todo el potencial de Windows XP, el sistema operativo más esperado por el mercado informático" |
| 650 #4 - ASIENTO SECUNDARIO DE MATERIA - TERMINO TEMATICO |
| Término de materia o nombre geográfico como elemento de entrada |
WINDOWS (PROGRAMAS PARA COMPUTADORA) |
| 9 (RLIN) |
5928 |
| 650 #4 - ASIENTO SECUNDARIO DE MATERIA - TERMINO TEMATICO |
| Término de materia o nombre geográfico como elemento de entrada |
SISTEMAS OPERATIVOS (COMPUTADORAS) |
| 9 (RLIN) |
5927 |
| 650 #4 - ASIENTO SECUNDARIO DE MATERIA - TERMINO TEMATICO |
| Término de materia o nombre geográfico como elemento de entrada |
WORD (ARCHIVO PARA COMPUTADORA) |
| 9 (RLIN) |
1069 |
| 740 0# - ASIENTO SECUNDARIO - TÍTULOS RELACIONADOS /ANALITICOS NO CONTROLADOS |
| Título relacionado o analítico no controlado |
Windows XP, en un solo libro |
| 905 ## - TIPO DE MATERIAL |
| Tipo de material |
Libro |